000 00454nam a2200181Ia 4500
008 230711s9999||||xx |||||||||||||| ||und||
020 _a978-93-325-5941-7
041 _aENG
082 _a332.645
_bHU-O
100 _aHull,John C
245 0 _aOptions, Futures, and other Derivatives
250 _a9th Ed.
260 _c2016
_aNew Delhi
_bPearson
300 _a905p.
650 _aUNIVESITY BUSNIESS SCHOOL
700 _aBasu,Sankarshan
942 _cBK
999 _c6417
_d6417